Textbook Of Optics (Record no. 324668)

MARC details
000 -LEADER
fixed length control field 00440nam a2200157Ia 4500
008 - FIXED-LENGTH DATA ELEMENTS--GENERAL INFORMATION
fixed length control field 230718s9999 xx 000 0 und d
041 ## - LANGUAGE CODE
Language code of text/sound track or separate title eng
082 ## - DEWEY DECIMAL CLASSIFICATION NUMBER
Classification number 535
Item number SUB
100 ## - MAIN ENTRY--PERSONAL NAME
Personal name Subrahmanyam N.
9 (RLIN) 158730
245 ## - TITLE STATEMENT
Title Textbook Of Optics
260 ## - PUBLICATION, DISTRIBUTION, ETC. (IMPRINT)
Date of publication, distribution, etc. 2009
Name of publisher, distributor, etc. S. Chand & Company
300 ## - PHYSICAL DESCRIPTION
Extent 699
365 ## - TRADE PRICE
Currency code Rs.
Price amount 350.00
700 ## - ADDED ENTRY--PERSONAL NAME
Personal name Subrahmanyam N.; Lal B. & Avadhanulu M.N.
906 ## - LOCAL DATA ELEMENT F, LDF (RLIN)
d O:0078009-Apr-2010B:107430-Mar-2010
c SS
b 157.5
Holdings
Withdrawn status Lost status Damaged status Not for loan Home library Current library Date acquired Vendor Budget Code Cost, normal purchase price Bill number Total Checkouts Full call number Barcode Date last seen Discount Cost, replacement price Bill Date Koha item type Original Barcode
        Cummins College of Engineering for Women Pune Cummins College of Engineering for Women Pune 09/04/2010 Pradeep Book Distributors SS 297.50 1074   535 CCEP-BK-35875 18/07/2023 157.5 350.00 30/03/2010 Books 035875